CHRIST IS A NATIVE AMERICAN/

Salvato in:
Dettagli Bibliografici
Autore principale: Peelman, Achiel (autor)
Natura: Libro
Soggetti:
Tags: Aggiungi Tag
Nessun Tag, puoi essere il primo ad aggiungerne!!

MARC

LEADER 00000nam^a2200000^a^4500
001 000224265
005 20250521000000.0
009 20260310104044.712
035 |a 042819 
037 |a Acervo Xavier Clavigero 
082 |a 261. 1  |b PEE 
100 |a Peelman, Achiel  |e (autor) 
245 1 0 |a CHRIST IS A NATIVE AMERICAN/  |c ACHIEL PEELMAN 
264 |a CANADA :  |b Orbis Books,  |c 1995 
300 |a 253p. 
336 |a texto  |b txt  |2 rdacontenido 
337 |a sin mediación  |b n  |2 rdamedio 
338 |a volumen  |b nc  |2 rdasoporte 
649 |a XX 
650 |a RELIGION Y SOCIOLOGIA 
650 |a Indígenas de América del Norte -  |z Canadá 
910 |a Fondo General 
920 |a Impresos - Libros 
930 |a Colección General 
905 |a 101 
901 |a 042819  |b IT1  |c ACC  |i 042819  |u 20250521 
902 |a https://opac.biblio.iteso.mx/vufind/Record/000224265